Catálogo público

Caracterización de ensilados mixtos de caña de azúcar (Saccharum officinarum) y pasto Taiwan (Pennisetum purpureum) / (Record no. 169093)

MARC details
000 -CABECERA
campo de control de longitud fija 00795nam a2200253Ia 4500
001 - NÚMERO DE CONTROL
campo de control Z_5884
003 - IDENTIFICADOR DEL NÚMERO DE CONTROL
campo de control CHAP
008 - DATOS DE LONGITUD FIJA--INFORMACIÓN GENERAL
campo de control de longitud fija 220113s2009 xx 000 0 und d
010 ## - NÚMERO DE CONTROL DE LA BIBLIOTECA DEL CONGRESO
Número de control de LC 169093
040 ## - FUENTE DE LA CATALOGACIÓN
Centro/agencia transcriptor CHAP
090 ## - LOCALMENTE ASIGNADO TIPO-LC NÚMERO DE CLASIFICACIÓN (OCLC); NÚMERO DE CLASIFICACIÓN LOCAL (RLIN)
Número de clasificación (OCLC) (R) ; Numero de clasificación, CALL (RLIN) (NR) Tesis G 2152
100 ## - ENTRADA PRINCIPAL--NOMBRE DE PERSONA
Nombre de persona Gutiérrez Vásquez, Juan
9 (RLIN) 51862
245 ## - MENCIÓN DE TÍTULO
Título Caracterización de ensilados mixtos de caña de azúcar (Saccharum officinarum) y pasto Taiwan (Pennisetum purpureum) /
Mención de responsabilidad, etc. Juan Gutiérrez Vásquez y Manuel Pérez Hernández
260 ## - PUBLICACIÓN, DISTRIBUCIÓN, ETC.
Lugar de publicación, distribución, etc. Chapingo, Méx. :
Nombre del editor, distribuidor, etc. El autor,
Fecha de publicación, distribución, etc. 2009
300 ## - DESCRIPCIÓN FÍSICA
Extensión 66 h.
502 ## - NOTA DE TESIS
Nota de tesis Tesis ( Ing. Agr. Esp. en Zootecnia) -- UACH. Departamento de Zootecnia
700 ## - PUNTO DE ACCESO ADICIONAL--NOMBRE DE PERSONA
Nombre de persona I. Pérez Hernández, Manuel
9 (RLIN) 143408
901 ## - ELEMENTOS DE DATOS A LOCAL LDA (RLIN)
a TESIS G 2152
902 ## - ELEMENTOS DE DATOS B LOCAL, LDB (RLIN)
a M
910 ## - DATOS DE OPCIÓN DEL USUARIO (OCLC)
Datos de opción del usuario 2009
942 ## - ELEMENTOS DE PUNTO DE ACCESO ADICIONAL (KOHA)
Tipo de ítem Koha Tesis_
942 ## - ELEMENTOS DE PUNTO DE ACCESO ADICIONAL (KOHA)
Tipo de ítem Koha Tesis_
Holdings
Estado de retiro Estado de pérdida Estado dañado No para préstamo Localización permanente Ubicación/localización actual Ubicación en estantería Fecha de adquisición Información codificada de la localización en otra ubicación Total de préstamos Código de barras Fecha visto por última vez Número de copia Precio válido a partir de Tipo de ítem Koha Nota pública
        Zootecnia Zootecnia   03/12/2009 2   z_T 3730 18/01/2022 1 18/01/2022 Tesis_ 2
        Zootecnia Zootecnia   03/12/2009 2   z_T 3731 18/01/2022 2 18/01/2022 Tesis_ 3